[Event "AUTO-OPEN-4516"]
[Site "http://www.queenalice.com/game.php?id=1841894"]
[Date "2024.8.15"]
[Round "2"]
[White "barracuda3113"]
[Black "josebaron"]
[Result "1/2-1/2"]
[WhiteElo "2258"]
[BlackElo "2215"]

1. d4 d5 2. Nf3 Nf6 3. c4 dxc4 4. e3 Bg4 5. Bxc4 e6 6. Nbd2 Nbd7 7. Qb3 Nb6 8.
Bd3 Bd6 9. a4 a5 10. O-O O-O 11. e4 Bxf3 12. Nxf3 Bb4 13. Bg5 h6 14. Be3 c5 15.
dxc5 Nbd7 16. Rac1 Rc8 17. Rfd1 Bxc5 18. Bb5 Bxe3 19. Qxe3 Qe7 20. Rxc8 Rxc8 21.
Qd2 b6 22. h3 Nc5 23. e5 Nd5 24. Nd4 Qc7 25. f4 Ne7 26. Nf3 Nf5 27. Kh2 g6 28.
b4 axb4 29. Qxb4 Qb7 30. Qe1 Kg7 31. Qe2 Qe4 32. Qxe4 Nxe4 33. Re1 Nc5 1/2-1/2

[Event "AUTO-OPEN-4516"]
[Site "http://www.queenalice.com/game.php?id=1841899"]
[Date "2024.8.15"]
[Round "2"]
[White "barracuda3113"]
[Black "delphicoracle"]
[Result "0-1"]
[WhiteElo "2273"]
[BlackElo "2556"]

1. d4 Nf6 2. Nf3 g6 3. c4 Bg7 4. Nc3 d5 5. e3 O-O 6. Bd2 c6 7. Rc1 Nbd7 8. cxd5
Nxd5 9. Be2 N7f6 10. O-O Nxc3 11. Bxc3 Bf5 12. b3 a5 13. Bd3 Nd5 14. Bb2 Bxd3
15. Qxd3 Qd6 16. a3 Rfd8 0-1

[Event "AUTO-OPEN-4516"]
[Site "http://www.queenalice.com/game.php?id=1841900"]
[Date "2024.8.15"]
[Round "2"]
[White "delphicoracle"]
[Black "barracuda3113"]
[Result "1-0"]
[WhiteElo "2559"]
[BlackElo "2269"]

1. e4 e6 2. d4 d5 3. e5 b6 4. c3 Qd7 5. a4 a5 6. Nf3 Ba6 7. Bxa6 Nxa6 8. O-O Ne7
9. Na3 c5 10. Nb5 Nc6 11. Bf4 Be7 12. Nd6+ Bxd6 13. exd6 f6 14. Re1 O-O 15. Qe2
Rfe8 16. h3 1-0

[Event "AUTO-OPEN-4513"]
[Site "http://www.queenalice.com/game.php?id=1842278"]
[Date "2024.8.22"]
[Round "3"]
[White "CCapivara"]
[Black "barracuda3113"]
[Result "1-0"]
[WhiteElo "2198"]
[BlackElo "2274"]

1. e4 c5 2. Nf3 e6 3. d4 cxd4 4. Nxd4 Nf6 5. Nc3 Nc6 6. a3 d6 7. Be3 a6 8. Be2
Be7 9. O-O Nxd4 10. Bxd4 O-O 11. Bf3 Qc7 12. Re1 e5 13. Be3 Be6 14. h3 Rac8 15.
Bg4 Nxg4 16. hxg4 Qc6 17. f3 Rfd8 18. Re2 d5 19. exd5 Bxd5 20. Rd2 Bc4 21. Qe1
1-0

[Event "AUTO-OPEN-4513"]
[Site "http://www.queenalice.com/game.php?id=1842279"]
[Date "2024.8.22"]
[Round "3"]
[White "barracuda3113"]
[Black "CCapivara"]
[Result "0-1"]
[WhiteElo "2260"]
[BlackElo "2212"]

1. d4 d6 2. e4 Nf6 3. Nc3 c6 4. a4 a5 5. Nf3 Bg4 6. Be2 Nbd7 7. O-O e5 8. Be3
Be7 9. dxe5 dxe5 10. Nd2 Bxe2 11. Qxe2 O-O 12. Rfd1 Qc7 13. Nc4 Bc5 14. Rd2 Rad8
15. Rad1 Bb4 16. f3 Bxc3 17. bxc3 b5 18. axb5 cxb5 19. Na3 Rb8 20. Nxb5 Qc6 21.
c4 Nc5 0-1

[Event "AUTO-OPEN-4513"]
[Site "http://www.queenalice.com/game.php?id=1842282"]
[Date "2024.8.22"]
[Round "3"]
[White "barracuda3113"]
[Black "josebaron"]
[Result "1-0"]
[WhiteElo "2260"]
[BlackElo "2198"]

1. d4 d5 2. Nf3 Nc6 3. e3 Nf6 4. c4 e6 5. a3 dxc4 6. Bxc4 Be7 7. O-O O-O 8. Nc3
Re8 9. e4 h6 10. e5 Nd5 11. Bd3 Nxc3 12. bxc3 a6 13. Qe2 Qd5 14. c4 Nxd4 15.
cxd5 Nxe2+ 16. Bxe2 exd5 17. Rd1 c6 18. Bb2 Bg4 19. Rac1 Bxf3 20. Bxf3 a5 21. g3
Ra6 22. Rd3 Rb6 23. Bd4 1-0

[Event "AUTO-OPEN-4513"]
[Site "http://www.queenalice.com/game.php?id=1842283"]
[Date "2024.8.22"]
[Round "3"]
[White "josebaron"]
[Black "barracuda3113"]
[Result "1/2-1/2"]
[WhiteElo "2214"]
[BlackElo "2259"]

1. e4 c5 2. Nf3 e6 3. d4 cxd4 4. Nxd4 a6 5. Bd3 Nc6 6. Nxc6 dxc6 7. O-O e5 8.
Nd2 Be6 9. Nf3 f6 10. Re1 Bc5 11. Be3 Bxe3 12. Rxe3 Ne7 13. Nd2 b5 14. a4 O-O
15. axb5 cxb5 16. c4 Qb6 17. cxb5 axb5 18. Rxa8 Rxa8 19. Bc2 1/2-1/2

[Event "AUTO-OPEN-4523"]
[Site "http://www.queenalice.com/game.php?id=1842290"]
[Date "2024.8.22"]
[Round "2"]
[White "barracuda3113"]
[Black "jogador58"]
[Result "0-1"]
[WhiteElo "2126"]
[BlackElo "2200"]

1. d4 Nf6 2. Nf3 d5 3. c4 c6 4. Nc3 e6 5. cxd5 exd5 6. Bg5 Be7 7. Qc2 h6 8. Bh4
Nbd7 9. e3 Nf8 10. Bd3 Be6 11. O-O N8d7 12. Rab1 Nh5 13. Bxe7 Qxe7 14. b4 a6 15.
a4 Nhf6 16. b5 axb5 0-1

[Event "AUTO-OPEN-4523"]
[Site "http://www.queenalice.com/game.php?id=1842291"]
[Date "2024.8.22"]
[Round "2"]
[White "jogador58"]
[Black "barracuda3113"]
[Result "1-0"]
[WhiteElo "2210"]
[BlackElo "2116"]

1. Nf3 Nf6 2. c4 c5 3. Nc3 d5 4. cxd5 Nxd5 5. a3 Nc6 6. e3 e6 7. Be2 Be7 8. O-O
O-O 9. d4 cxd4 10. Nxd4 Nxd4 11. exd4 Bf6 12. Bf3 Ne7 13. Bf4 Qxd4 14. Be3 Qxd1
15. Rfxd1 Nf5 16. Bc5 Be7 17. Bxe7 Nxe7 18. Rd2 1-0

[Event "AUTO-OPEN-4523"]
[Site "http://www.queenalice.com/game.php?id=1842292"]
[Date "2024.8.22"]
[Round "2"]
[White "barracuda3113"]
[Black "WHUSIRO"]
[Result "1-0"]
[WhiteElo "2249"]
[BlackElo "2201"]

1. d4 Nf6 2. Nf3 e6 3. c4 b6 4. g3 Ba6 5. b3 Bb4+ 6. Bd2 Be7 7. Bg2 c6 8. O-O d5
9. Ne5 O-O 10. Bc3 Ne4 11. Bb2 f6 12. Nd3 f5 13. Qc2 Bd6 14. e3 Qe7 15. Rc1 Nd7
16. Nd2 Qf7 17. Nf3 g5 18. Nfe5 Nxe5 19. Nxe5 Bxe5 20. dxe5 g4 21. cxd5 cxd5 22.
Bf1 Bxf1 23. Rxf1 Ng5 24. h4 Nf3+ 25. Kg2 1-0

[Event "AUTO-OPEN-4523"]
[Site "http://www.queenalice.com/game.php?id=1842293"]
[Date "2024.8.22"]
[Round "2"]
[White "WHUSIRO"]
[Black "barracuda3113"]
[Result "1/2-1/2"]
[WhiteElo "2246"]
[BlackElo "2258"]

1. e4 c5 2. Nf3 e6 3. d4 cxd4 4. Nxd4 Nf6 5. Bd3 Nc6 6. Nxc6 dxc6 7. O-O e5 8.
Qf3 h6 9. Qg3 Qc7 10. Bd2 Nh5 11. Qf3 g6 12. Bc4 Bg7 13. Nc3 O-O 14. Be3 Nf4 15.
Rad1 Be6 16. Bxe6 Nxe6 17. Rd3 b6 18. Qh3 Kh7 19. Qh4 Nf4 20. Rd2 Rad8 21. Rdd1
Ne6 22. Rfe1 Rxd1 23. Rxd1 Rd8 24. Rxd8 Qxd8 25. Qxd8 Nxd8 26. Kf1 1/2-1/2

[Event "AUTO-OPEN-4523"]
[Site "http://www.queenalice.com/game.php?id=1842294"]
[Date "2024.8.22"]
[Round "2"]
[White "barracuda3113"]
[Black "Zeca1955"]
[Result "0-1"]
[WhiteElo "2170"]
[BlackElo "1963"]

1. d4 e6 2. c4 d5 3. Nc3 Bb4 4. e3 Nf6 5. Bd3 Bxc3+ 6. bxc3 Ne4 7. Ne2 O-O 8. f3
Qh4+ 9. g3 Nxg3 10. Nxg3 dxc4 11. Bxc4 a6 12. e4 b5 13. Bd3 Nd7 14. O-O c5 15.
Be3 cxd4 16. cxd4 Bb7 17. Qd2 Rac8 18. Rfc1 Qf6 19. Kg2 Qe7 20. Rxc8 Rxc8 21.
Rc1 Rf8 22. Rc7 Bc8 23. Qc2 Qd8 24. e5 g6 25. Ne4 Nb6 26. Nd6 Bd7 27. Qc5 Nd5
28. Bd2 Kg7 29. Be4 Nxc7 30. Ba5 Qg5+ 31. Kf2 Qh4+ 32. Kg2 Ne8 33. Nb7 f5 34.
Bd3 h5 35. Bd8 Qf4 36. Be2 Rf7 37. Nd6 Nxd6 38. Qxd6 Qd2 0-1

[Event "AUTO-OPEN-4523"]
[Site "http://www.queenalice.com/game.php?id=1842295"]
[Date "2024.8.22"]
[Round "2"]
[White "Zeca1955"]
[Black "barracuda3113"]
[Result "0-1"]
[WhiteElo "1905"]
[BlackElo "2273"]

1. c4 c5 2. Nc3 Nf6 3. e4 Nc6 4. Nf3 d6 5. a3 g6 6. d4 cxd4 7. Nxd4 Bg7 8. Nxc6
bxc6 9. Be2 O-O 10. Rb1 Nd7 11. O-O a5 12. Qa4 Rb8 13. Qxc6 Bxc3 14. Rd1 Bb7 15.
Qa4 Bxe4 16. Bd3 Nc5 17. Qc2 Bxd3 18. Qxc3 Bxb1 19. Bh6 f6 20. Rxb1 a4 21. g4
Qd7 22. f3 Rb3 23. Qe1 Rxf3 24. Bxf8 Qxg4+ 25. Kh1 Kxf8 26. Rd1 Nd3 27. Rd2 Nxe1
0-1

[Event "AUTO-OPEN-4519"]
[Site "http://www.queenalice.com/game.php?id=1843433"]
[Date "2024.9.9"]
[Round "3"]
[White "barracuda3113"]
[Black "josekasparov"]
[Result "0-1"]
[WhiteElo "2172"]
[BlackElo "2547"]

1. d4 d5 2. Nf3 Nf6 3. c4 e6 4. Nc3 c6 5. cxd5 exd5 6. Bg5 Be7 7. Qc2 Nbd7 8. e3
O-O 9. Bd3 Re8 10. O-O Nf8 11. Bxf6 Bxf6 12. Rab1 Bg4 0-1

[Event "AUTO-OPEN-4519"]
[Site "http://www.queenalice.com/game.php?id=1843434"]
[Date "2024.9.9"]
[Round "3"]
[White "josekasparov"]
[Black "barracuda3113"]
[Result "1-0"]
[WhiteElo "2548"]
[BlackElo "2171"]

1. e4 c5 2. Nf3 e6 3. d4 cxd4 4. Nxd4 Nf6 5. Bd3 Nc6 6. Nxc6 dxc6 7. O-O e5 8.
Bg5 Be7 9. Nd2 O-O 10. Nc4 Nd7 11. Bd2 Nc5 12. Nxe5 1-0

[Event "AUTO-ADV-4776"]
[Site "http://www.queenalice.com/game.php?id=1843731"]
[Date "2024.9.14"]
[Round "2"]
[White "maurice916"]
[Black "barracuda3113"]
[Result "1-0"]
[WhiteElo "1962"]
[BlackElo "2237"]

1. Nf3 Nf6 2. b3 g6 3. Bb2 Bg7 4. e3 d6 5. c4 O-O 6. d4 Nbd7 7. Be2 e5 8. dxe5
Ng4 9. Nbd2 Ngxe5 10. Nxe5 Nxe5 11. Rb1 Re8 12. Bxe5 Bxe5 13. O-O f5 14. Nf3 Bg7
15. Nd2 Qe7 16. Nf3 Be6 17. Nd4 Bf7 18. Re1 Rad8 19. Qc2 a6 20. Rbd1 c6 21. Nf3
Kh8 22. Bf1 Rd7 23. Bd3 d5 24. cxd5 Bxd5 25. a3 Qf7 26. Nd2 Red8 27. Bc4 Qe7 28.
Bxd5 Rxd5 29. Nc4 h6 30. e4 1-0

[Event "AUTO-ADV-4776"]
[Site "http://www.queenalice.com/game.php?id=1843732"]
[Date "2024.9.14"]
[Round "2"]
[White "barracuda3113"]
[Black "maurice916"]
[Result "1-0"]
[WhiteElo "2270"]
[BlackElo "1963"]

1. d4 Nf6 2. Nf3 c6 3. c4 d6 4. Nc3 Nbd7 5. e4 e5 6. g3 Be7 7. Bg2 exd4 8. Nxd4
O-O 9. O-O Re8 10. h3 Ne5 11. b3 h6 12. f4 Ned7 13. Kh2 Nh7 14. Be3 Bf8 15. Qd2
Nb8 16. Rad1 Na6 17. Nde2 Qc7 18. Kh1 b6 19. g4 Bb7 20. Ng3 Rad8 21. Bd4 c5 22.
Bg1 Nb4 23. a3 Nc6 24. Nd5 Nd4 25. Nxc7 Re7 26. Nd5 Ree8 27. Bxd4 cxd4 28. Qxd4
Kh8 29. Nf5 Kg8 30. Nc7 1-0

[Event "AUTO-ADV-4776"]
[Site "http://www.queenalice.com/game.php?id=1843735"]
[Date "2024.9.14"]
[Round "2"]
[White "barracuda3113"]
[Black "Pumpernickel"]
[Result "0-1"]
[WhiteElo "2139"]
[BlackElo "2119"]

1. d4 d5 2. Nf3 Nf6 3. c4 c6 4. Nc3 h6 5. e3 Bf5 6. Bd3 Bxd3 7. Qxd3 e6 8. O-O
Nbd7 9. b3 Be7 10. e4 Nxe4 0-1

[Event "AUTO-OPEN-4517"]
[Site "http://www.queenalice.com/game.php?id=1844687"]
[Date "2024.10.3"]
[Round "2"]
[White "josebaron"]
[Black "barracuda3113"]
[Result "1-0"]
[WhiteElo "2173"]
[BlackElo "2266"]

1. e4 e6 2. Nf3 c5 3. Nc3 a6 4. Be2 Nc6 5. O-O Nf6 6. d4 cxd4 7. Nxd4 d6 8. Nxc6
bxc6 9. Bg5 Be7 10. h3 O-O 11. a4 1-0

[Event "AUTO-OPEN-4517"]
[Site "http://www.queenalice.com/game.php?id=1844688"]
[Date "2024.10.3"]
[Round "2"]
[White "barracuda3113"]
[Black "josebaron"]
[Result "0-1"]
[WhiteElo "2251"]
[BlackElo "2188"]

1. d4 d5 2. Nf3 Nf6 3. c4 dxc4 4. e3 e6 5. Bxc4 Bb4+ 6. Nc3 Bxc3+ 7. bxc3 O-O 8.
O-O Nc6 9. Qe2 Ne4 10. Qc2 Nd6 0-1

[Event "AUTO-OPEN-4517"]
[Site "http://www.queenalice.com/game.php?id=1844693"]
[Date "2024.10.3"]
[Round "2"]
[White "Canaye14"]
[Black "barracuda3113"]
[Result "1-0"]
[WhiteElo "2007"]
[BlackElo "2217"]

1. d4 Nf6 2. Nf3 d6 3. h3 g6 4. Bf4 Bg7 5. c4 O-O 6. Nc3 Nc6 7. e3 Nd7 8. a3 e5
9. dxe5 Ndxe5 10. Be2 Be6 11. O-O 1-0

[Event "AUTO-OPEN-4517"]
[Site "http://www.queenalice.com/game.php?id=1844694"]
[Date "2024.10.3"]
[Round "2"]
[White "barracuda3113"]
[Black "Canaye14"]
[Result "0-1"]
[WhiteElo "2199"]
[BlackElo "2031"]

1. d4 e6 2. c4 d5 3. Nc3 c5 4. e3 Nc6 5. Nf3 Nf6 6. a3 cxd4 7. exd4 Be7 8. Bd3
h6 9. O-O O-O 10. Re1 a6 0-1